Central Library OPAC University of Rajshahi

বাংলাদেশে আইন প্রণয়ন প্রক্রিয়া / (Record no. 79636)

MARC details
000 -LEADER
fixed length control field 00950nam a2200241 a 4500
001 - CONTROL NUMBER
control field 79636
003 - CONTROL NUMBER IDENTIFIER
rucl marc code BD-RjUL
005 - DATE AND TIME OF LATEST TRANSACTION
control field 20220413132522.0
008 - FIXED-LENGTH DATA ELEMENTS--GENERAL INFORMATION
fixed length control field 220330s2021 bg ||||| |||| 00| 0 ben d
020 ## - INTERNATIONAL STANDARD BOOK NUMBER
International Standard Book Number 9789849337539
Terms of availability :Tk.825.00
035 ## - SYSTEM CONTROL NUMBER
System control number (BD-RjUL)79636
040 ## - CATALOGING SOURCE
Original cataloging agency BD-RjUL
Language of cataloging eng
Transcribing agency BD-RjUL
041 ## - LANGUAGE CODE
Language code of text/sound track or separate title eng
082 ## - DEWEY DECIMAL CLASSIFICATION NUMBER
Edition number 23
Classification number 328.5492
Author mark and year RAL 2021
100 ## - MAIN ENTRY--PERSONAL NAME
Personal name রহমান, এম. আমিনুর
9 (RLIN) 2139
245 10 - TITLE STATEMENT
Title বাংলাদেশে আইন প্রণয়ন প্রক্রিয়া /
Statement of responsibility, etc. এম. আমিনুর রহমান
246 ## - VARYING FORM OF TITLE
Title proper/short title Legislative Process in Bangladesh
260 ## - PUBLICATION, DISTRIBUTION, ETC. (IMPRINT)
Place of publication, distribution, etc. ঢাকা :
Name of publisher, distributor, etc. সুচয়নী পাবলিশার্স,
Date of publication, distribution, etc. ২০২১
300 ## - PHYSICAL DESCRIPTION
Pagination ৮৫৬ পৃ.;
Size ২২ সেমি.
650 ## - SUBJECT ADDED ENTRY--TOPICAL TERM
Topical term or geographic name as entry element আইন প্রণয়ন সংস্থা
Chronological subdivision বাংলাদেশ
9 (RLIN) 2140
Topical term or geographic name as entry element Legislative bodies
Geographic subdivision Bangladesh
9 (RLIN) 2141
942 ## - ADDED ENTRY ELEMENTS (KOHA)
Source of classification or shelving scheme Dewey Decimal Classification
Koha item type Books
Holdings
Lost status Source of classification or shelving scheme Damaged status Not for loan Collection code Permanent Location Current Location Shelving location Date acquired Source of acquisition Cost, normal purchase price Total Checkouts Full call number Date last seen Copy number Koha item type
  Dewey Decimal Classification     Non-fiction Central Library, University of Rajshahi Central Library, University of Rajshahi General Stacks 29/03/2022 Author 618.60   B 328.5492 RAL 2021 30/03/2022 C-2 Books
  Dewey Decimal Classification     Non-fiction Central Library, University of Rajshahi Central Library, University of Rajshahi General Stacks 29/03/2022 Author 618.60   B 328.5492 RAL 2021 30/03/2022 C-3 Books
  Dewey Decimal Classification     Non-fiction Central Library, University of Rajshahi Central Library, University of Rajshahi General Stacks 29/03/2022 Author 618.60   B 328.5492 RAL 2021 30/03/2022 C-4 Books
  Dewey Decimal Classification     Non-fiction Central Library, University of Rajshahi Central Library, University of Rajshahi General Stacks 29/03/2022 Author 618.60   B 328.5492 RAL 2021 30/03/2022 C-5 Books
  Dewey Decimal Classification   Not For Loan Non-fiction Central Library, University of Rajshahi Central Library, University of Rajshahi Reading Room 29/03/2022 Author 618.60   B 328.5492 RAL 2021 30/03/2022 C-1 Books